España, la ONU y la participación de Centroamérica /

Đã lưu trong:
Chi tiết về thư mục
Tác giả chính: Yañez Barnuevo, Juan Antonio
Định dạng: Texto
Các nhãn: Thêm thẻ
Không có thẻ, Là người đầu tiên thẻ bản ghi này!

MARC

LEADER 00000 a a2200000 04500
001 18156
003
040
100 |a Yañez Barnuevo, Juan Antonio  
245 |a España, la ONU y la participación de Centroamérica /  |c Juan Antonio Yañez Barnuevo 
773 |g número 27 -28; páginas 143-156  
999 |c 28730  |d 28730